000 00562cam a2200193 4500
008 000000n1999 000 0 eng u
020 _a0117024015
035 _a(Sirsi) u100102
041 _aENG
050 _a692.8
110 _aProperty Advisers to the Civil Estate
_93610
245 _aGC/WORKS/1(1999) without quantities construction management trade contract general conditions
260 _aLondon
_bStationery Office
_c1999
300 _a75p. ; 30cm.
350 _a20.00
650 _aBUILT ENVIRONMENT
690 _aContracts
_96232
942 _n0
999 _c99591
_d99591